Máquinas: cálculos de taller
Salvato in:
| Autore principale: | |
|---|---|
| Natura: | Libro |
| Lingua: | spagnolo |
| Pubblicazione: |
Madrid
Máquinas
2004
|
| Edizione: | 38a. ed |
| Soggetti: | |
| Tags: |
Aggiungi Tag
Nessun Tag, puoi essere il primo ad aggiungerne!!
|
MARC
| LEADER | 00000nam a2200000 a 4500 | ||
|---|---|---|---|
| 001 | UCJ1403 | ||
| 003 | CL-VaPUC | ||
| 008 | 061020e20040000SP |||||||||||||||||spa|d | ||
| 020 | |a 8440072163 | ||
| 082 | 0 | 4 | |a 621.8 |b CAS |2 21 |
| 100 | 0 | |a Casillas, A. L |e author |9 502011 | |
| 245 | 1 | 0 | |a Máquinas: cálculos de taller |
| 250 | |a 38a. ed | ||
| 300 | |a 643 p | ||
| 942 | |c BK | ||
| 945 | |d 20061020 00:00:00 |a cmena | ||
| 260 | |a Madrid |b Máquinas |c 2004 | ||
| 650 | 0 | |a Máquinas |9 259419 | |
| 650 | 0 | |a Máquinas herramientas |9 262583 | |
| 650 | 0 | |a Ingeniería mecánica |9 262089 | |
| 650 | 0 | |a Diseño y construcción |9 260862 | |
| 583 | |a last modification |c 20061020 00:00:00 |k Rodrigo Vera | ||
| 999 | |c 317990 |d 317988 | ||
| 952 | |0 0 |1 0 |4 0 |6 621_800000000000000_CAS_2004 |7 0 |8 F |9 395144 |a BIBMEC |b BIBMEC |d 2019-11-22 |i 4285727 |o 621.8 CAS 2004 |p 4285727 |r 2024-05-09 |w 2019-11-22 |y BK_F |k MEC | ||
| 952 | |0 0 |1 0 |4 0 |6 621_800000000000000_CAS_2004 |7 0 |8 F |9 395145 |a BIBMEC |b BIBMEC |d 2019-11-22 |i 4551370 |o 621.8 CAS 2004 |p 4551370 |r 2024-05-09 |w 2019-11-22 |y BK_F |k MEC | ||
| 952 | |0 0 |1 0 |4 0 |6 621_800000000000000_CAS_2004 |7 0 |8 F |9 395146 |a BIBMEC |b BIBMEC |d 2019-11-22 |i 4551389 |o 621.8 CAS 2004 |p 4551389 |r 2024-05-09 |w 2019-11-22 |y BK_F |k MEC | ||